Statistics for Biggest South Asian Cities By Letter

Click here to take the quiz!

General Stats

  • This quiz has been taken 130 times
  • The average score is 14 of 24

Answer Stats

PopulationCity% Correct
D28,513,682Delhi
94%
A7,680,935Ahmedabad
93%
B11,440,030Bangalore
93%
C10,455,606Chennai
93%
M19,979,955Mumbai
93%
L11,738,186Lahore
90%
K15,400,223Karachi
88%
H9,481,623Hyderabad
87%
F2,506,595Faisalabad
78%
J3,716,538Jaipur
77%
P6,275,748Pune
76%
I1,061,412Islamabad
73%
S6,563,585Surat
69%
N2,228,018Nagpur
60%
R1,743,101Rawalpindi
58%
Q733,675Quetta
42%
G1,384,471Gujranwala
33%
V1,409,476Vadodara
28%
W557,802Warangal
11%
T1,435,844Tirunelveli
8%
U516,584Ulhasnagar
8%
O223,648Okara
6%
E257,448Etawah
5%
Y208,931Yamunangar
5%

Score Distribution

Percentile by Number Answered

Percent of People with Each Score

Your Score History

You have not taken this quiz